[Event "CHN League Men 2019"]
[Site "Daqing CHN"]
[Date "2019.06.26"]
[Round "8.2"]
[Board "2"]
[White "Zhao, Jun"]
[Black "Xu, Yi"]
[Result "1-0"]
[WhiteTitle "GM"]
[BlackTitle "IM"]
[WhiteElo "2625"]
[BlackElo "2526"]
[WhiteTeam "Shandong"]
[BlackTeam "Shanghai"]
[WhiteFideId "8602522"]
[BlackFideId "8605564"]
[EventDate "2019.06.19"]
[EventType "team"]

1. c4 e5 2. g3 c6 3. Nf3 e4 4. Nd4 d5 5. cxd5 cxd5 6. d3 Nf6 7. Nc3 Bc5 8. Nb3
Bb4 9. dxe4 Nxe4 10. Bd2 Bxc3 11. Bxc3 Nxc3 12. bxc3 Na6 13. Bg2 Be6 14. Nd4 O-O
15. O-O Rc8 16. f4 Qf6 17. f5 Bd7 18. Bxd5 Rxc3 19. Bxb7 Nc5 20. Bg2 Re8 21. Rf4
Rc4 22. Rc1 Ba4 23. Qd2 Ne4 24. Bxe4 Rxd4 25. Bd3 Bb5 26. Qc3 Rxf4 27. Qxf6 gxf6
28. gxf4 Bxd3 29. exd3 Re2 30. a4 Ra2 31. Rc4 Kf8 32. h3 Rd2 33. Rd4 Ke7 34. Rd5
Ra2 35. Ra5 Ra3 36. Rxa7+ Kf8 37. a5 Rxd3 38. Kg2 Ra3 39. h4 h5 40. a6 Kg7 41.
Ra8 Ra5 42. Kf3 Ra4 43. Ke3 Kh7 44. Kd3 Kg7 45. Kc3 Rxf4 46. Rc8 Ra4 47. Rc6
Rxh4 48. Rc4 Rh1 49. Ra4 Rc1+ 50. Kd4 Rc8 51. a7 Ra8 52. Ke4 Kf8 53. Kf4 Ke7 54.
Ra6 Kf8 55. Kg3 Kg7 56. Kh4 Kh7 57. Kxh5 Kg7 58. Kg4 Kh7 59. Kf4 Kg7 60. Ke4 Kf8
61. Kd5 Ke7 62. Kc6 Rd8 63. Ra1 1-0

[Event "CHN League Men 2019"]
[Site "Daqing CHN"]
[Date "2019.06.26"]
[Round "8.2"]
[Board "3"]
[White "Lou, Yiping"]
[Black "Wen, Yang"]
[Result "1/2-1/2"]
[WhiteTitle "IM"]
[BlackTitle "GM"]
[WhiteElo "2482"]
[BlackElo "2588"]
[WhiteTeam "Shanghai"]
[BlackTeam "Shandong"]
[WhiteFideId "8603928"]
[BlackFideId "8602956"]
[EventDate "2019.06.19"]
[EventType "team"]

1. d4 Nf6 2. c4 e6 3. Nc3 Bb4 4. Qc2 d5 5. cxd5 exd5 6. Bg5 h6 7. Bxf6 Qxf6 8.
a3 Bxc3+ 9. Qxc3 c6 10. Nf3 O-O 11. e3 Bf5 12. Bd3 Bxd3 13. Qxd3 Nd7 14. O-O Qd6
15. Rab1 a5 16. a4 Ra6 17. Rfc1 Rfa8 18. h3 R6a7 19. b3 Qe7 20. Qf5 Qd6 21. Qd3
Qe7 22. Qf5 Qd6 23. Qd3 Qe7 24. Qf5 1/2-1/2

[Event "CHN League Men 2019"]
[Site "Daqing CHN"]
[Date "2019.06.26"]
[Round "8.2"]
[Board "4"]
[White "Liu, Qingnan"]
[Black "Xu, Yining"]
[Result "0-1"]
[WhiteTitle "GM"]
[WhiteElo "2551"]
[BlackElo "2359"]
[WhiteTeam "Shandong"]
[BlackTeam "Shanghai"]
[WhiteFideId "8603294"]
[BlackFideId "8603650"]
[EventDate "2019.06.19"]
[EventType "team"]

1. e4 d6 2. d4 Nf6 3. Nc3 g6 4. Bg5 Bg7 5. Qd2 h6 6. Bh4 g5 7. Bg3 Nh5 8. O-O-O
Nd7 9. Nge2 c5 10. Kb1 Qa5 11. f3 Nxg3 12. Nxg3 cxd4 13. Nd5 Qxd2 14. Rxd2 Kd8
15. Nf5 Bf8 16. Nxd4 a6 17. h4 e6 18. Ne3 Be7 19. Bc4 Ne5 20. Bb3 Bd7 21. hxg5
Bxg5 22. Re2 Rg8 23. g4 Kc7 24. Ng2 Ng6 25. Ree1 Nf4 26. Nxf4 Bxf4 27. Ne2 Bg5
28. Nc1 a5 29. a3 Bb5 30. c4 Ba6 31. a4 Rac8 32. Nd3 e5 33. Ba2 Kb8 34. b3 Rg6
35. Rh3 b6 36. Kc2 b5 37. axb5 Bxb5 38. Rb1 Be3 39. Kd1 Bc6 40. Ke2 Bg5 41. Ra1
Kc7 42. Bb1 Ra8 43. Bc2 Rgg8 44. Rhh1 f6 45. Ra3 Rh8 46. Nf2 Kb6 47. Rd1 Kc7 48.
Rda1 Kb6 49. Nh3 h5 50. Nxg5 fxg5 51. gxh5 Rxh5 52. b4 Rh2+ 53. Kd3 Rf8 0-1

[Event "CHN League Men 2019"]
[Site "Daqing CHN"]
[Date "2019.06.26"]
[Round "8.3"]
[Board "3"]
[White "Liu, Guanchu"]
[Black "Chu, Wei Chao"]
[Result "0-1"]
[WhiteTitle "IM"]
[BlackTitle "IM"]
[WhiteElo "2462"]
[BlackElo "2374"]
[WhiteTeam "Chengdu"]
[BlackTeam "Tianjin"]
[WhiteFideId "8603901"]
[BlackFideId "8605661"]
[EventDate "2019.06.19"]
[EventType "team"]

1. e4 c6 2. d4 d5 3. e5 c5 4. dxc5 e6 5. a3 Nc6 6. Nf3 Bxc5 7. b4 Bb6 8. Bb2
Nge7 9. Bd3 Ng6 10. O-O O-O 11. g3 a6 12. Qe2 Bc7 13. Nbd2 b5 14. Nb3 Bd7 15.
Rad1 a5 16. bxa5 Nxa5 17. Nxa5 Rxa5 18. h4 h6 19. Bc3 Ra8 20. Bb4 Re8 21. Bxg6
fxg6 22. Rd4 Ba5 23. Rg4 Bxb4 24. axb4 Qe7 25. Qd2 Rec8 26. Re1 Be8 27. Rf4 Ra2
28. Nd4 Rc4 29. Rf3 Bd7 30. Rb1 g5 31. hxg5 Qxg5 32. Qxg5 hxg5 33. c3 Ra3 34.
Rb3 Ra1+ 35. Kh2 g4 36. Re3 Kf7 37. Rb2 Ke7 38. Nb3 Rd1 39. f3 gxf3 40. Rxf3 d4
41. Nxd4 Rcxd4 42. cxd4 Bc6 43. Rbf2 Bxf3 44. Rxf3 Rxd4 45. Rf4 Rd5 46. Re4 Kf7
47. Kh3 Kg6 48. Rg4+ Kf7 49. Rf4+ Kg8 50. Re4 Rd3 51. Kg4 Kf7 52. Kf4 Kg6 53.
Re3 Rd4+ 54. Re4 Rd1 55. Re3 Rf1+ 56. Kg4 Rb1 57. Re4 Rd1 58. Kh4 Rd7 59. Rg4+
Kh6 60. Kh3 g5 61. Re4 Rd3 62. Re2 Kh5 63. Re4 Kg6 64. Re2 Kf5 65. Rf2+ Kxe5 66.
Kg4 Kd4 67. Rf6 e5 68. Rd6+ Ke3 69. Re6 e4 70. Kxg5 Kf3 71. g4 e3 72. Rf6+ Kg2
73. Re6 Kf2 74. Rf6+ Ke1 75. Rf5 e2 0-1

[Event "CHN League Men 2019"]
[Site "Daqing CHN"]
[Date "2019.06.26"]
[Round "8.3"]
[Board "4"]
[White "Zhao, Zhouqiao CHN"]
[Black "Zhao, Yuanhe"]
[Result "0-1"]
[WhiteTitle "FM"]
[WhiteElo "2215"]
[BlackElo "2444"]
[WhiteTeam "Tianjin"]
[BlackTeam "Chengdu"]
[WhiteFideId "8608342"]
[BlackFideId "8609497"]
[EventDate "2019.06.19"]
[EventType "team"]

1. e4 c5 2. Nf3 d6 3. Bb5+ Nd7 4. O-O a6 5. Bxd7+ Bxd7 6. d4 cxd4 7. Qxd4 Bc6 8.
Nc3 h6 9. Re1 e5 10. Qd3 Nf6 11. Nd2 Rc8 12. Nf1 Qc7 13. Qf3 Be7 14. Ne3 g6 15.
Qd1 b5 16. a3 Kf8 17. f3 Kg7 18. Qd3 Rhd8 19. Rd1 Bb7 20. Kh1 Qc5 21. Bd2 Nh5
22. Ned5 Bg5 23. Be3 Bxe3 24. Qxe3 Bxd5 25. Qxc5 Rxc5 26. Rxd5 Nf4 27. Rd2 Ne6
28. Kg1 Nd4 29. Kf2 a5 30. Ne2 Nxc2 31. Rad1 b4 32. a4 b3 33. Rxd6 Rxd6 34. Rxd6
Rc4 35. Rb6 Nb4 36. Ke3 Rc2 37. Nc3 Rxc3+ 38. bxc3 b2 0-1

[Event "CHN League Men 2019"]
[Site "Daqing CHN"]
[Date "2019.06.26"]
[Round "8.4"]
[Board "1"]
[White "Liu, Yan"]
[Black "Ma, Qun"]
[Result "0-1"]
[WhiteTitle "GM"]
[BlackTitle "GM"]
[WhiteElo "2504"]
[BlackElo "2626"]
[WhiteTeam "Chongqing"]
[BlackTeam "Hangzhou"]
[WhiteFideId "8608962"]
[BlackFideId "8603154"]
[EventDate "2019.06.19"]
[EventType "team"]

1. d4 d5 2. c4 c6 3. Nf3 Nf6 4. e3 Bf5 5. Nc3 e6 6. Nh4 Bg6 7. Be2 Nbd7 8. O-O
Bd6 9. g3 O-O 10. Nxg6 hxg6 11. Bd2 Re8 12. Qc2 Rc8 13. c5 Bc7 14. f4 Ba5 15.
Nb1 Ne4 16. Bxa5 Qxa5 17. Bd3 Ndf6 18. a3 g5 19. b4 Qd8 20. Nd2 gxf4 21. gxf4
Ng4 22. Rae1 Nxd2 23. Qxd2 Qh4 24. Qg2 f5 25. Qg3 Qxg3+ 26. hxg3 b6 27. Bc2 Rb8
28. Ba4 Rec8 29. Re2 Kf7 30. Rc1 b5 31. Bb3 Rh8 32. Kg2 Rh2+ 33. Kf3 Rbh8 34.
Rxh2 Rxh2 35. Rc2 Rh1 36. a4 Rb1 37. axb5 Rxb3 38. bxc6 Ke8 39. Ra2 Kd8 40. Kg2
Nxe3+ 41. Kh3 Rxb4 42. Rxa7 Rxd4 43. Rxg7 Rc4 44. Rd7+ Kc8 45. Re7 Rxc5 46. Rxe6
d4 0-1

[Event "CHN League Men 2019"]
[Site "Daqing CHN"]
[Date "2019.06.26"]
[Round "8.4"]
[Board "2"]
[White "Xiang, Zeyu"]
[Black "Wang, Chen"]
[Result "1/2-1/2"]
[WhiteTitle "IM"]
[BlackTitle "IM"]
[WhiteElo "2432"]
[BlackElo "2468"]
[WhiteTeam "Hangzhou"]
[BlackTeam "Chongqing"]
[WhiteFideId "8608547"]
[BlackFideId "8601020"]
[EventDate "2019.06.19"]
[EventType "team"]

1. d4 Nf6 2. c4 e6 3. Nf3 b6 4. g3 Bb4+ 5. Bd2 Be7 6. Bg2 c6 7. O-O O-O 8. Qc2
d5 9. Rd1 Nbd7 10. b3 a5 11. Bc3 Bb7 12. Nbd2 c5 13. Rac1 dxc4 14. Nxc4 Be4 15.
Qd2 Qb8 16. dxc5 Bxc5 17. Bd4 Bd5 18. Bxc5 bxc5 19. Nxa5 Qa7 20. Nc4 Qxa2 21.
Qxa2 Rxa2 22. Nfd2 Rb8 23. e4 Bc6 24. Ra1 Rba8 25. Rxa2 Rxa2 26. f3 Kf8 27. Bf1
Ke7 28. Bd3 Ne8 29. Rb1 Nd6 30. Rb2 Ra1+ 31. Rb1 Ra2 32. Rb2 1/2-1/2

[Event "CHN League Men 2019"]
[Site "Daqing CHN"]
[Date "2019.06.26"]
[Round "8.4"]
[Board "3"]
[White "Wang, Shixu B"]
[Black "Zou, Chen"]
[Result "0-1"]
[BlackTitle "FM"]
[WhiteElo "2392"]
[BlackElo "2415"]
[WhiteTeam "Chongqing"]
[BlackTeam "Hangzhou"]
[WhiteFideId "8610665"]
[BlackFideId "8610959"]
[EventDate "2019.06.19"]
[EventType "team"]

1. d4 Nf6 2. c4 e6 3. Nc3 Bb4 4. e3 O-O 5. Bd3 d5 6. a3 Be7 7. Nf3 dxc4 8. Bxc4
c5 9. O-O a6 10. dxc5 Bxc5 11. Bd3 Nc6 12. b4 Bd6 13. Ne4 Nxe4 14. Bxe4 Qe7 15.
Bb2 e5 16. Qc2 h6 17. Bxc6 bxc6 18. Qxc6 Bb7 19. Qc4 a5 20. b5 Rac8 21. Qe2 a4
22. Rfd1 Rc5 23. Rd2 Bxf3 24. Qxf3 Rxb5 25. Qc6 Rfb8 26. Rxd6 Rxb2 27. g3 Qg5
28. Rad1 Qf5 29. Rf1 Rc2 30. Qxa4 Rb1 31. Qa8+ Kh7 32. f3 Qh3 33. Qe4+ g6 0-1

[Event "CHN League Men 2019"]
[Site "Daqing CHN"]
[Date "2019.06.26"]
[Round "8.5"]
[Board "2"]
[White "Li, Shilong"]
[Black "Lin, Chen"]
[Result "1/2-1/2"]
[WhiteTitle "GM"]
[BlackTitle "GM"]
[WhiteElo "2482"]
[BlackElo "2497"]
[WhiteTeam "Guangdong"]
[BlackTeam "Jiangsu"]
[WhiteFideId "8600678"]
[BlackFideId "8602298"]
[EventDate "2019.06.19"]
[EventType "team"]

1. d4 d5 2. c4 c6 3. Nf3 Nf6 4. Nc3 a6 5. c5 Bf5 6. Qb3 Ra7 7. Nh4 Bg6 8. Bg5 e6
9. Nxg6 hxg6 10. g3 Nbd7 11. e4 dxe4 12. Bg2 Be7 13. h4 b6 14. cxb6 Rb7 15. O-O
Rxb6 16. Qc2 O-O 17. Rfd1 Qb8 18. b3 e3 19. Bxe3 Nd5 20. Bg5 Bxg5 21. hxg5 Rc8
22. Ne4 a5 23. Rab1 Rb4 24. a3 Rb6 25. Bf3 Rc7 26. Kg2 Rcb7 27. Nd2 e5 28. dxe5
Nxe5 29. Nc4 Nxc4 30. Qxc4 Rxb3 31. Rxb3 Rxb3 32. Qxc6 Rxf3 33. Rxd5 Rf5 34.
Rxf5 gxf5 35. Qd5 Qb6 36. Qxf5 g6 37. Qc8+ Kg7 38. Qc3+ Kg8 39. a4 Qd8 40. Qe5
Qd2 41. Qb5 Kg7 42. Kf3 Qd1+ 43. Ke3 Qe1+ 44. Kf3 Qd1+ 45. Kg2 Qd2 46. Qe5+ Kg8
47. Qf4 Qd5+ 48. Kh2 Kg7 49. g4 Kf8 50. Kg3 Ke7 51. Qe3+ Kd6 52. f4 Kc6 53. Qc3+
Kd6 54. Qe3 Kc6 55. Qc3+ Kd6 56. Qf6+ Kc5 57. f5 Kb4 58. fxg6 Qd3+ 59. Kf4 fxg6
60. Qc6 Qd4+ 61. Kf3 Qd3+ 62. Kf4 Qd2+ 63. Kf3 Qxg5 64. Qe4+ Kb3 65. Qd4 Ka3 66.
Kg3 Kb3 67. Kf3 Qc1 68. Qb6+ Kxa4 69. Qxg6 1/2-1/2

[Event "CHN League Men 2019"]
[Site "Daqing CHN"]
[Date "2019.06.26"]
[Round "8.5"]
[Board "3"]
[White "Yu, Ruiyuan"]
[Black "Zhao, Chenxi"]
[Result "1/2-1/2"]
[WhiteTitle "GM"]
[WhiteElo "2471"]
[BlackElo "2383"]
[WhiteTeam "Jiangsu"]
[BlackTeam "Guangdong"]
[WhiteFideId "8603090"]
[BlackFideId "8611513"]
[EventDate "2019.06.19"]
[EventType "team"]

1. e4 e5 2. Nf3 Nc6 3. Bc4 Nf6 4. d4 exd4 5. e5 d5 6. Bb5 Ne4 7. Nxd4 Bd7 8.
Bxc6 bxc6 9. O-O Be7 10. f3 Nc5 11. Be3 O-O 12. f4 f6 13. Nd2 fxe5 14. fxe5
Rxf1+ 15. Qxf1 Qe8 16. b4 Ne6 17. c3 a5 18. a3 axb4 19. axb4 Rxa1 20. Qxa1 Nxd4
21. Bxd4 Qg6 22. Qa8+ Kf7 23. Nf1 Bh3 24. e6+ Bxe6 25. Qxc6 Bd6 26. Bb6 Bxh2+
27. Nxh2 Qb1+ 28. Nf1 cxb6 29. Qc7+ Ke8 30. Qxb6 Bf5 31. Qc6+ Ke7 32. Qxd5 Bd3
33. Qe5+ Kf7 34. Qf4+ Kg6 35. Qg3+ Kf6 36. Qf2+ Kg6 37. Qg3+ Kf6 38. Qf3+ Kg6
39. g4 Kg5 40. c4 Bxf1 41. Qxf1 Qxb4 42. Qf5+ Kh4 43. c5 g6 44. Qf2+ Kxg4 45. c6
Qc4 46. Qg2+ Kf5 47. Qh3+ Kf6 48. Qd7 Qc5+ 49. Kf1 Qc4+ 50. Kf2 Qc5+ 51. Kf3
Qc3+ 52. Kf2 1/2-1/2

[Event "CHN League Men 2019"]
[Site "Daqing CHN"]
[Date "2019.06.26"]
[Round "8.6"]
[Board "1"]
[White "Lin, Haoyang"]
[Black "Liu, Zexu"]
[Result "0-1"]
[WhiteElo "1713"]
[BlackElo "2121"]
[WhiteTeam "Qingdao"]
[BlackTeam "Wuxi"]
[WhiteFideId "8625921"]
[BlackFideId "8605963"]
[EventDate "2019.06.19"]
[EventType "team"]

1. e4 e5 2. Nf3 Nc6 3. Bb5 Nge7 4. O-O g6 5. c3 a6 6. Ba4 Bg7 7. d4 b5 8. Bb3
exd4 9. cxd4 d6 10. h3 O-O 11. Nc3 Bb7 12. Re1 Na5 13. Bf4 c5 14. dxc5 dxc5 15.
Qxd8 Rfxd8 16. Bc7 Nxb3 17. Bxd8 Nxa1 18. Bxe7 Nc2 19. Re2 Nd4 20. Nxd4 Bxd4 21.
Nd5 f5 22. Bf6 Bxd5 23. Bxd4 Bc4 24. Rd2 cxd4 25. Rxd4 fxe4 26. Rxe4 Bxa2 27.
Kf1 Rd8 28. Ke1 a5 29. Re5 Bc4 30. Rc5 a4 31. f4 Rd3 32. Rc8+ Kg7 33. Rc7+ Bf7
34. Rc2 b4 35. Ke2 Rd6 36. g4 0-1

[Event "CHN League Men 2019"]
[Site "Daqing CHN"]
[Date "2019.06.26"]
[Round "8.6"]
[Board "2"]
[White "Chen, KaiLin"]
[Black "Gong, Sunle"]
[Result "1/2-1/2"]
[WhiteElo "2073"]
[BlackElo "1697"]
[WhiteTeam "Wuxi"]
[BlackTeam "Qingdao"]
[WhiteFideId "8620954"]
[BlackFideId "8620229"]
[EventDate "2019.06.19"]
[EventType "team"]

1. e4 c6 2. d4 d5 3. Nc3 dxe4 4. Nxe4 Nd7 5. Nf3 Ngf6 6. Nxf6+ Nxf6 7. Ne5 Nd7
8. Bf4 Nxe5 9. Bxe5 Qd5 10. f3 Bf5 11. Bd3 Bxd3 12. Qxd3 Rd8 13. Qb3 f6 14. Bc7
Rd7 15. Qxd5 Rxd5 16. O-O-O Kd7 17. Bg3 e6 18. Rhe1 Bd6 19. Bxd6 Rxd6 20. Re4
Rd8 21. c3 Ke7 22. Rde1 Kf7 23. f4 R8d7 24. R4e3 Rc7 25. Rh3 h6 26. Rh5 Rd5 27.
Rxd5 cxd5 28. g4 g5 29. fxg5 hxg5 30. Re3 b5 31. Kd2 Rc8 32. Ke1 a5 33. Kd2 Rh8
34. h3 Rc8 35. Kc2 Ke7 36. Kb3 Rc4 37. Re1 Kd6 38. Rf1 Ke7 39. Kc2 Rc8 40. Rf3
Kf7 41. a3 b4 42. Kb3 bxc3 43. bxc3 Rc4 44. Rf1 Rc8 45. Kc2 Rb8 46. a4 Kg6 47.
Re1 Rb6 48. Re2 Kh6 49. Re1 Kg6 50. Kd3 Kf7 51. Kc2 Kg6 1/2-1/2

[Event "CHN League Men 2019"]
[Site "Daqing CHN"]
[Date "2019.06.26"]
[Round "8.6"]
[Board "3"]
[White "Shi, Jiashuo"]
[Black "Zhao, Juncheng"]
[Result "1/2-1/2"]
[WhiteElo "1564"]
[BlackElo "1998"]
[WhiteTeam "Qingdao"]
[BlackTeam "Wuxi"]
[WhiteFideId "8625409"]
[BlackFideId "8609489"]
[EventDate "2019.06.19"]
[EventType "team"]

1. d4 d5 2. Nf3 Nf6 3. Bg5 e6 4. c4 Be7 5. Nc3 Nbd7 6. e3 h6 7. Bh4 O-O 8. Bd3
b6 9. O-O Bb7 10. Rc1 c5 11. cxd5 Nxd5 12. Bg3 cxd4 13. Nxd5 Bxd5 14. Nxd4 Nc5
15. Bb1 Bd6 16. b4 Bxg3 17. hxg3 Ne4 18. Qd3 g6 19. Ne2 Qe7 20. f3 Nf6 21. e4
Bb7 22. a3 Rac8 23. Qe3 Kg7 24. g4 Nh7 25. g3 Qg5 26. Qxg5 Nxg5 27. Kf2 e5 28.
Ke3 Ne6 29. Ba2 Kf6 30. Nc3 1/2-1/2

[Event "CHN League Men 2019"]
[Site "Daqing CHN"]
[Date "2019.06.26"]
[Round "8.6"]
[Board "4"]
[White "Xie, Kaifan"]
[Black "Qu, Hongxuan"]
[Result "1-0"]
[WhiteTitle "CM"]
[WhiteElo "1969"]
[BlackElo "1523"]
[WhiteTeam "Wuxi"]
[BlackTeam "Qingdao"]
[WhiteFideId "8619107"]
[BlackFideId "8620377"]
[EventDate "2019.06.19"]
[EventType "team"]

1. d4 d5 2. c4 e6 3. Nc3 Be7 4. Nf3 Nf6 5. Bg5 h6 6. Bh4 O-O 7. e3 b6 8. Bd3 Bb7
9. O-O Nbd7 10. Qe2 c5 11. Rfd1 dxc4 12. Bxc4 Ne4 13. Bg3 Nxc3 14. bxc3 cxd4 15.
Nxd4 Kh8 16. Bb5 Qc8 17. Nxe6 fxe6 18. Rxd7 Bf6 19. Rc7 Qb8 20. Rxg7 e5 21. Rg6
Bg7 22. Qh5 Qc7 23. Rxg7 Qxg7 24. Bxe5 Rf6 25. g3 Raf8 26. f4 Be4 27. Rd1 Qg6
28. Qxg6 Bxg6 29. Rd6 Kg7 30. g4 Be4 31. h4 Kg6 32. h5+ Kg7 33. g5 hxg5 34. fxg5
Kh7 35. Rxf6 Rxf6 36. Bxf6 Bf5 37. Be8 Bb1 38. g6+ Kh6 39. Bf7 a5 40. g7 Bh7 41.
e4 a4 42. e5 a3 43. e6 b5 44. e7 b4 45. e8=Q Bb1 46. Qh8+ Bh7 47. g8=N# 1-0

[Event "CHN League Men 2019"]
[Site "Daqing CHN"]
[Date "2019.06.26"]
[Round "8.7"]
[Board "1"]
[White "Wu, Wenda"]
[Black "Zhang, Ziji"]
[Result "0-1"]
[WhiteElo "1735"]
[BlackElo "2408"]
[WhiteTeam "Ningbo"]
[BlackTeam "Hebei"]
[WhiteFideId "8618615"]
[BlackFideId "8609470"]
[EventDate "2019.06.19"]
[EventType "team"]

1. d4 d6 2. e4 Nf6 3. Bd3 g6 4. f3 Bg7 5. Be3 O-O 6. Qd2 Nbd7 7. Ne2 c5 8. c3 b6
9. g4 cxd4 10. cxd4 e5 11. d5 Nc5 12. b4 Nxd3+ 13. Qxd3 a5 14. b5 Nd7 15. a4 f5
16. h4 fxg4 17. fxg4 Rf3 18. Nd2 Nc5 19. Qa3 Rxe3 20. Qxe3 Bxg4 21. Ra3 Bf6 22.
Qg3 h5 23. Nc3 Rc8 24. Nf1 Kh7 25. Ne3 Bd7 26. Rh2 Bg7 27. Ke2 Bh6 28. Rg2 Qf6
29. Qf2 Bf4 30. Kd2 Bg4 31. Rg1 Qg7 0-1

[Event "CHN League Men 2019"]
[Site "Daqing CHN"]
[Date "2019.06.26"]
[Round "8.7"]
[Board "2"]
[White "Peng, Hongchi"]
[Black "Wan, Minghan"]
[Result "1-0"]
[WhiteElo "2370"]
[BlackElo "1592"]
[WhiteTeam "Hebei"]
[BlackTeam "Ningbo"]
[WhiteFideId "8609047"]
[BlackFideId "8618577"]
[EventDate "2019.06.19"]
[EventType "team"]

1. e4 c5 2. Nf3 Nc6 3. d4 cxd4 4. Nxd4 g6 5. Nc3 Bg7 6. Be3 Nf6 7. Bc4 O-O 8.
Bb3 d6 9. f3 Bd7 10. Qd2 Qa5 11. O-O-O Rac8 12. h4 Ne5 13. g4 Nc4 14. Bxc4 Rxc4
15. Nb3 Qa6 16. e5 Nxg4 17. fxg4 Bxe5 18. Bd4 Bxd4 19. Nxd4 Rfc8 20. h5 Be6 21.
Nxe6 fxe6 22. Qe3 Rxc3 23. bxc3 Qa3+ 24. Kd2 Rc5 25. Qxe6+ Kh8 26. Rh3 Qa5 27.
Qf7 1-0

[Event "CHN League Men 2019"]
[Site "Daqing CHN"]
[Date "2019.06.26"]
[Round "8.8"]
[Board "1"]
[White "Xie, Jianjun"]
[Black "Fang, Yuxiang"]
[Result "1/2-1/2"]
[WhiteTitle "FM"]
[BlackTitle "GM"]
[WhiteElo "2427"]
[BlackElo "2463"]
[WhiteTeam "Hunan"]
[BlackTeam "Shanxi"]
[WhiteFideId "8600953"]
[BlackFideId "8605840"]
[EventDate "2019.06.19"]
[EventType "team"]

1. e4 e5 2. Nf3 Nf6 3. Nc3 Nc6 4. Bb5 Nd4 5. Nxd4 exd4 6. e5 dxc3 7. exf6 Qxf6
8. dxc3 Qe5+ 9. Be2 Bc5 10. O-O O-O 11. Bf3 c6 12. Re1 Qf6 13. Be3 Bxe3 14. Rxe3
d5 15. Qd4 Qxd4 16. cxd4 Bd7 17. Re7 Rad8 18. Rae1 Rfe8 19. Rxe8+ Rxe8 20. Rxe8+
Bxe8 21. b4 Kf8 22. Kf1 Ke7 23. Ke2 Bd7 24. Ke3 1/2-1/2

[Event "CHN League Men 2019"]
[Site "Daqing CHN"]
[Date "2019.06.26"]
[Round "8.8"]
[Board "2"]
[White "Zhou, Yibo"]
[Black "Shen, Siyuan"]
[Result "0-1"]
[BlackTitle "IM"]
[WhiteElo "1934"]
[BlackElo "2334"]
[WhiteTeam "Shanxi"]
[BlackTeam "Hunan"]
[WhiteFideId "8610967"]
[BlackFideId "8602832"]
[EventDate "2019.06.19"]
[EventType "team"]

1. d4 f5 2. g3 Nf6 3. Bg2 c6 4. Nf3 g6 5. O-O Bg7 6. c4 O-O 7. Nc3 d6 8. Qc2 Nh5
9. Rd1 Na6 10. a3 Qe8 11. d5 f4 12. Nd4 fxg3 13. hxg3 e5 14. dxc6 exd4 15. cxb7
Bxb7 16. Bxb7 dxc3 17. Bxa6 Nxg3 18. c5 Ne4 19. f3 Nxc5 20. Bc4+ Kh8 21. bxc3
Rc8 22. a4 Nd7 23. Bb5 Rxc3 24. Qa2 Qe5 25. Kg2 Nf6 26. Rh1 Nh5 27. Rh3 Rxc1 0-1

[Event "CHN League Men 2019"]
[Site "Daqing CHN"]
[Date "2019.06.26"]
[Round "8.8"]
[Board "3"]
[White "Li, Bo"]
[Black "Li, Deyang"]
[Result "1-0"]
[WhiteTitle "IM"]
[WhiteElo "2330"]
[BlackElo "1697"]
[WhiteTeam "Hunan"]
[BlackTeam "Shanxi"]
[WhiteFideId "8602786"]
[BlackFideId "8622272"]
[EventDate "2019.06.19"]
[EventType "team"]

1. d4 d5 2. c4 c6 3. Nf3 Nf6 4. Nc3 dxc4 5. a4 Bf5 6. Ne5 Nbd7 7. Nxc4 Qc7 8. g3
e5 9. dxe5 Nxe5 10. Bf4 Nfd7 11. Bg2 f6 12. O-O g5 13. Nxe5 Nxe5 14. Be3 Bb4 15.
Qb3 Qe7 16. a5 Be6 17. Qc2 a6 18. Ne4 Rd8 19. Bb6 Rd5 20. Rfc1 Bf5 21. Qb3 Be6
22. Nxf6+ Qxf6 23. Qxb4 Rb5 24. Qd6 Kf7 25. Qc7+ Qe7 26. Qxe7+ Kxe7 27. Rc5 Nc4
28. Rxb5 axb5 29. Bc5+ Kd7 30. b3 Nxa5 31. Rxa5 Bxb3 32. Ra3 Bc4 33. Bh3+ Kc7
34. Re3 h5 35. Re7+ Kb8 36. f4 g4 37. Bg2 Kc8 38. Bd6 Rh6 39. Be5 Re6 40. Rc7+
Kb8 41. Rxc6+ Rxe5 42. Rxc4 bxc4 43. fxe5 b5 44. Kf2 1-0

[Event "CHN League Men 2019"]
[Site "Daqing CHN"]
[Date "2019.06.26"]
[Round "8.9"]
[Board "1"]
[White "Song, Yuchen"]
[Black "Lu, Shanglei"]
[Result "0-1"]
[BlackTitle "GM"]
[WhiteElo "1512"]
[BlackElo "2624"]
[WhiteTeam "Harbin"]
[BlackTeam "Zhejiang"]
[WhiteFideId "8630364"]
[BlackFideId "8603332"]
[EventDate "2019.06.19"]
[EventType "team"]

1. e4 c5 2. Nf3 d6 3. d4 cxd4 4. Nxd4 Nf6 5. Nc3 a6 6. f3 Qb6 7. a3 e5 8. Nb3
Be6 9. Bg5 Nbd7 10. Bh4 Be7 11. Bf2 Qc6 12. Bd3 b5 13. O-O O-O 14. Be3 Nb6 15.
Nd2 Rfd8 16. Qe2 Nc4 17. Bxc4 bxc4 18. Rfd1 Rab8 19. Rab1 Rb7 20. Nf1 Rdb8 21.
Bc1 Bd8 22. Ne3 Bb6 23. Kh1 Bd4 24. Ned5 Bxd5 25. exd5 Qc5 26. Na4 Qb5 27. c3
Ba7 28. Qc2 Nxd5 29. Rf1 h6 30. f4 e4 31. Qxe4 Re7 32. Qc2 Rbe8 33. b3 cxb3 34.
Qd1 b2 35. Bxb2 Ne3 36. c4 Qxc4 37. Qc1 Qxf1+ 38. Qxf1 Nxf1 39. Rxf1 Re1 40.
Rxe1 Rxe1# 0-1

[Event "CHN League Men 2019"]
[Site "Daqing CHN"]
[Date "2019.06.26"]
[Round "8.9"]
[Board "2"]
[White "Xu, Minghui"]
[Black "Chen, Junyu"]
[Result "1-0"]
[WhiteElo "2368"]
[BlackElo "1232"]
[WhiteTeam "Zhejiang"]
[BlackTeam "Harbin"]
[WhiteFideId "8606790"]
[BlackFideId "8631042"]
[EventDate "2019.06.19"]
[EventType "team"]

1. Nf3 c5 2. g3 Nf6 3. Bg2 e6 4. c4 Be7 5. Nc3 Nc6 6. d4 cxd4 7. Nxd4 O-O 8. O-O
Qc7 9. Ndb5 Qd8 10. Bf4 e5 11. Bg5 d6 12. Bxf6 gxf6 13. Nd5 Be6 14. e3 a6 15.
Nbc3 f5 16. Qh5 Kh8 17. Bh3 Bg5 18. f4 exf4 19. exf4 Bf6 20. Bxf5 Bxf5 21. Qxf5
Bxc3 22. bxc3 Rc8 23. Nf6 Qxf6 24. Qxf6+ Kg8 25. Rad1 Nd8 26. Rd5 Ne6 27. f5 Ng7
28. Rf4 h5 29. Rdd4 Rfe8 30. Rg4 hxg4 31. Rxg4 Kf8 32. Rxg7 Rc7 33. Rh7 Re5 34.
Rh8# 1-0